Application of robotics to building construction (Record no. 88041)

MARC details
000 -LEADER
fixed length control field 00577cam a2200205 4500
001 - CONTROL NUMBER
control field D9694
008 - FIXED-LENGTH DATA ELEMENTS--GENERAL INFORMATION
fixed length control field 090401t1984 xxu||||| |||| 00| 0 eng d
035 ## - SYSTEM CONTROL NUMBER
System control number (Sirsi) u21712
041 ## - LANGUAGE CODE
Language code of text/sound track or separate title eng
050 ## - LIBRARY OF CONGRESS CALL NUMBER
Classification number 690.028
100 ## - MAIN ENTRY--PERSONAL NAME
Personal name Warszawski, Abraham
245 ## - TITLE STATEMENT
Title Application of robotics to building construction
260 ## - PUBLICATION, DISTRIBUTION, ETC.
Place of publication, distribution, etc. Rotterdam
Name of publisher, distributor, etc. CIB
Date of publication, distribution, etc. 1984
300 ## - PHYSICAL DESCRIPTION
Extent iv. 95p. ill. 30cm
350 ## - PRICE (NR) (BK AM CF MU VM SE) [OBSOLETE]
Price 0
490 ## - SERIES STATEMENT
Series statement CIB Report
Volume/sequential designation : Publication 90
520 ## - SUMMARY, ETC.
Summary, etc. Report prepared from work undertaken at Carnegie Mellon University, Pittsburgh
942 ## - ADDED ENTRY ELEMENTS (KOHA)
Suppress in OPAC 0
948 ## - LOCAL PROCESSING INFORMATION (OCLC); SERIES PART DESIGNATOR (RLIN)
c (OCLC) 04/03/1997
Holdings
Withdrawn status Lost status Source of classification or shelving scheme Damaged status Not for loan Home library Current library Shelving location Date acquired Total Checkouts Full call number Barcode Date last seen Date last checked out Copy number Price effective from Koha item type
    Dewey Decimal Classification     London London Basement 14/09/1999 2 BASEMENT 30017923 06/08/2019 10/02/2000 1 06/08/2019 Book